Hóa học vô cơ T.1 Lí thuyết đại cương về hóa học
Uloženo v:
| Hlavní autor: | |
|---|---|
| Médium: | Kniha |
| Vydáno: |
Hà Nội
Giáo dục
1999
|
| Vydání: | Tái bản lần thứ 1 có sửa và bổ sung |
| Témata: | |
| Tagy: |
Přidat tag
Žádné tagy, Buďte první, kdo otaguje tento záznam!
|
| Thư viện lưu trữ: | Trung tâm Học liệu Lê Vũ Hùng, Trường Đại học Đồng Tháp |
|---|
| LEADER | 00794pam a22002418a 4500 | ||
|---|---|---|---|
| 001 | 00037032 | ||
| 005 | 20171026081025.0 | ||
| 008 | 170419s1999 ||||||Viesd | ||
| 020 | |c 245008 | ||
| 041 | 0 | # | |a Vie |
| 082 | 1 | 4 | |a 546 |b H401H |
| 100 | 1 | # | |a Hoàng, Nhâm |
| 245 | 1 | 0 | |a Hóa học vô cơ |c Hoàng Nhâm |n T.1 |p Lí thuyết đại cương về hóa học |
| 250 | # | # | |a Tái bản lần thứ 1 có sửa và bổ sung |
| 260 | # | # | |a Hà Nội |b Giáo dục |c 1999 |
| 300 | # | # | |a 276 tr. |c 27 cm. |
| 653 | # | # | |a Hóa học vô cơ |
| 653 | # | # | |a Nguyên tố hóa học |
| 852 | # | # | |b Kho đọc |j KD.0019900 |
| 852 | # | # | |j KD.0019900 |
| 910 | |d 19/04/2017 | ||
| 980 | # | # | |a Trung tâm Học liệu Lê Vũ Hùng, Trường Đại học Đồng Tháp |